Welcome to the Holygrace Academy Library

Please use search bar below to get started

SWATHI THIRUNAAL (Record no. 5501)

MARC details
000 -LEADER
fixed length control field 00310nam a22001457a 4500
020 ## - INTERNATIONAL STANDARD BOOK NUMBER
ISBN 81-8423-122-9
082 ## - DEWEY DECIMAL CLASSIFICATION NUMBER
Classification number 920
Item number ASO/S
100 ## - MAIN ENTRY--AUTHOR NAME
Personal name ASHOKAN, K
245 ## - TITLE STATEMENT
Title SWATHI THIRUNAAL
260 ## - PUBLICATION, DISTRIBUTION, ETC. (IMPRINT)
Place of publication THRISSUR
Name of publisher GREEN BOOKS BOOKS
Year of publication 2009
300 ## - PHYSICAL DESCRIPTION
Number of Pages 134
520 ## - SUMMARY, ETC.
Summary, etc ART BOOKS
650 ## - SUBJECT ADDED ENTRY--TOPICAL TERM
Topical Term ART BOOK
942 ## - ADDED ENTRY ELEMENTS (KOHA)
Koha item type Books
Holdings
Withdrawn status Lost status Collection code Home library Current library Shelving location Date acquired Source of acquisition Cost, normal purchase price Full call number Accession Number Koha item type
    Fiction Main Library Main Library SHELF-16L- MALAYALAM BIOGRAPHY,STUDIES/CRITICISM 21/04/2015 Purchase 85.00 920 ASO/S 03927 Books